Random 2000's Artists By Song #8 - Statistics

General Stats
  • This quiz has been taken 22 times
  • The average score is 8 of 15
Answer Stats
Song Title Artist % Correct
Sk8er Boi Avril Lavigne
90%
Whenever, Wherever Shakira
86%
Empire State Of Mind Jay-Z
81%
Forgot About Dre Dr. Dre
71%
Hey There Delilah Plain White T's
62%
Pon De Replay Rihanna
62%
Fireflies Owl City
57%
How To Save A Life The Fray
57%
Take Me Out Franz Ferdinand
52%
Dani California Red Hot Chili Peppers
52%
Behind Blue Eyes Limp Bizkit
43%
The Pretender Foo Fighters
38%
Say It Right Nelly Furtado
33%
Walking On A Dream Empire Of The Sun
29%
Down Jay Sean
24%
No matching quizzes found
Score Distribution
Percent of People with Each Score
Percentile by Number Answered
Your Score History
You have not taken this quiz